| 000 | 00585nam a2200217Ia 4500 | ||
|---|---|---|---|
| 003 | OSt | ||
| 005 | 20250208112749.0 | ||
| 008 | 210210b2007 xxu||||| |||| 00| 0 eng d | ||
| 040 | _cAL | ||
| 041 | _aKan | ||
| 082 | _aK894.8 KANS | ||
| 100 |
_aNAYAK (G H) _dನಾಯಕ್ _9198515 |
||
| 245 |
_aSthiti prajne _bಸ್ಥಿತಿ ಪ್ರಜ್ಞೆ |
||
| 260 |
_aHampi _bKannada Vishvavidyalaya Hampi _c2007 |
||
| 300 | _aix,373 | ||
| 650 |
_aSthiti _9198516 |
||
| 650 |
_aprajne _9198517 |
||
| 690 |
_aKannada Miscellaneous _9198518 |
||
| 906 | _a062626 | ||
| 942 |
_2ddc _cBK |
||
| 999 |
_c117862 _d117862 |
||